00729nam a2200241 a 4500001001300000003000900013005001700022008004100039020002300080082001500103100002300118245006000141260003300201300000900234500003500243505001300278650002700291700002300318902000800341942000700349952011600356999001500472nice12345678IN_TiNIC20260116013149.0050524s1994 newa grp 000 0 eng  a088344X c98000a226.4bCAS aCassidy, Richard J aJesus, Politics, and Societyb a Study of Luke`s Gospel aNew YorkbOrbis Books c1994 a228p aincludes index and biblioraphy2 aAppendix aBible N.T. Gospel Luke1 aCassidy, Richard J bSRS cBK 001040708StackRoom-aHMIbHMId2007-10-30g980.00l0o226.4 CASp017163r2007-10-30v980.00w2005-05-24yBK c9930d9930